| 000 | 00671na a2200241 4500 | ||
|---|---|---|---|
| 001 | 18386 | ||
| 003 | MIRAKIL | ||
| 005 | 20181213154849.0 | ||
| 008 | 161117b tu 000 0 | ||
| 020 | _a9754067333 | ||
| 040 |
_aMilas _btur _cTR-AnCHP |
||
| 041 | _atur | ||
| 082 |
_a337.142 _bC67 2001 |
||
| 090 | _a337.142 C67 2001 | ||
| 100 | _aCoşkun, Enis | ||
| 245 |
_aBütünleşme sürecinde Avrupa Birliği ve Türkiye _cEnis Coşkun |
||
| 260 |
_aİstanbul _bCem Yayınevi _c2001 |
||
| 300 |
_a240 s. _c19 sm. |
||
| 650 |
_aTürkiye _zUluslararası ekonomi |
||
| 650 |
_aEkonomik topluluklar _zAvrupa Birliği |
||
| 650 |
_aAB _zTürkiye |
||
| 942 |
_2ddc _cBKS |
||
| 999 |
_c2212 _d2212 |
||